Význam prehľadu peňažných tokov podnikateľskej účtovnej jednotky vo finančnom riadení diplomová práca

Salvato in:
Dettagli Bibliografici
Autore principale: Ďurišová, Michaela
Ente Autore: Fakulta hospodárskej informatiky EU. Katedra účtovníctva a audítorstva
Altri autori: Szászová, Renáta
Natura: Libro
Lingua:slovacco
Pubblicazione: Bratislava 2012
Tags: Aggiungi Tag
Nessun Tag, puoi essere il primo ad aggiungerne!!

MARC

LEADER 00000nbm a2200000 4500
001 0159232
005 20161109102234.9
041 0 |a slo 
044 |a SK 
245 1 0 |a Význam prehľadu peňažných tokov podnikateľskej účtovnej jednotky vo finančnom riadení  |b diplomová práca  |c Michaela Ďurišová ; školiteľ: Renáta Szászová 
264 1 |a Bratislava  |c 2012 
300 |a 63 s. 
100 1 |a Ďurišová, Michaela 
700 1 |a Szászová, Renáta 
710 2 |a Fakulta hospodárskej informatiky EU. Katedra účtovníctva a audítorstva